MDQL
is popping MORE tags! Check the
thread
!
Quizzes
Events
Quiz Creation
Community
Videos
Private Events
Remove Ads
Sign In
Join for FREE
Feedback
Dark Mode
Quiz Categories
Sports
Geography
Music
Movies
Television
Just For Fun
Miscellaneous
History
Literature
Language
Science
Gaming
Entertainment
Religion
Holiday
For Kids
Quiz Lab
Recent
Popular Today
Quiz Kudos Today
Editor Picks
Curator Picks
Quizzes by...
Day
Popularity
Type
Ratings
Length
Year
Community
Subscriptions
Recent Discussions
Orange Saloon
Badges
Playlists
Quests
Create
Leaderboards
Showdown
Live 5
Trivia Bingo
Activity
Puzzle Library
Sporcle Events
Private Events
Virtual Trivia
Globe League
Become a Host
Pub Owners
SporcleCon
Opinionation
Our Games
Videos
Blog
Mobile Apps
Partnerships
Remove Ads and Go Orange
Feedback
Music
Pop Music
The Beatles
Song
Album
Lyrics
Bands
Singers
Artist
Clip
Rock
Rap
Classical
Billboard
Country Music
Kpop
Taylor Swift
Music
Pop Music
The Beatles
Song
Album
Lyrics
Bands
Singers
Artist
Clip
Rock
Rap
Classical
Billboard
Country Music
Kpop
Taylor Swift
Random Quiz
Search Sporcle
×
Quiz Lab
Quiz Lab
Music
Lyrics
Select answers by clicking on text or image buttons
Select answers by clicking on text or image buttons
Clickable
Best Score? Go Orange.
My Chemical Romance (First Words) Stats
Can you pick the My Chemical Romance songs by the first words sung?
By
killjoy72x
5m
30 Questions
3,588 Plays
3,588 Plays
3,588 Plays
Comments
Comments
Give Quiz Kudos
Give Quiz Kudos
-
- Ratings
hide this ad
More Info
Forced Order
Answers have to be entered in order
Answers have to be entered in order
Replay
Link that replays current quiz
Next Quiz
Link to next quiz in quiz playlist
You Got
0%
They Got
Avg Score
48%
Avg Friend Score
Upgrade to see
Score Distribution
Jump to the score distribution portion of the page
Score
0/30
Timer
05:00
0
Plays Today
% Correct
Bulletproof Heart
86.4%
Mama
86.4%
Teenagers
77.6%
Cancer
76.9%
Helena
75.4%
Welcome To The Black Parade
75%
Dead!
67.6%
Famous Last Words
62.4%
DESTROYA
62%
Look Alive Sunshine
60%
I'm Not Okay
58.5%
Thank You For The Venom
58%
Ghost Of You
53.5%
You Know What They Do To Guys Like Us In Prison
49.5%
Demolition Lovers
44.4%
% Correct
To The End
41.7%
SCARECROW
40.7%
Jetset Life Is Gonna Kill You
39.7%
Planetary (GO!)
37.7%
Na Na Na
35.9%
Early Sunsets Over Monroeville
35.7%
Goodnite Dr Death
31.3%
Its Not A Fashion Statement...
28%
This Is How I Disappear
27%
Drowning Lessons
26.3%
I Never Told You What I Do For A Living
25.5%
Skylines and Turnstiles
21.6%
My Way Home Is Through You
21.4%
Hang Em High
21.4%
Cubicles
20.4%
Quiz Playlist
Details
Report
Send in Message
Add To Playlist
More Info:
Guess the My Chemical Romance song by the first word sung. Some first words may apply to multiple songs but only one on this quiz
Clickable:
Select answers by clicking on text or image buttons
Forced Order:
Answers have to be entered in order
Last Updated: Feb 16, 2017
Quiz Scoreboard
CHALLENGE
Sign Up to Join the Scoreboard
Show All
Scores
Hide
Comments
May contain spoilers
Recently Published
1-10 Letter E Words III
by El_Dandy
Language
2m
Street Fighter Characters
by Artimus82
Gaming
60s
College Basketball Coaching Resumes
by pancakes188
Sports
9m
More to Explore
Quiz From the Vault
Featured Blog Post
Where Did the Easter Bunny Come From?
hide this ad
You Might Also Like...
Tags
Lyrics Quiz
First Word
My Chemical Romance
Today's Top Quizzes in Music
Browse Music
hide this ad
Today's Top Quizzes in Lyrics
Browse Lyrics
Top Contributed Quizzes in Music
1
Taylor Swift All Songs (2024)
2
Taylor Swift Logic Puzzle
3
Guess the Artist- 70s Songs
4
7-to-1: Billboard Hot 100 #1 Hits of 2010s
5
Sorting Albums and Songs
6
Billboard Blitz: Aretha Franklin
7
KPOP LOGIC QUIZ
8
Guess the Taylor Swift song (Mystery Song)
9
Guess The Taylor Swift Lyrics Song #1
10
Billboard Blitz: ABBA
Explore More
Trending Topics
Marvel
Anime
Disney
Crossword
Kpop
Harry Potter
NBA
The Office
NFL
WWE
Soccer
Country
Pokémon
Puzzle
Song
hide this ad
More By:
killjoy72x
Quiz
Plays
Rating
Category
Featured
Created
My Chemical Romance (First Words)
3,588
4.29
Music
Jun 19, 2012
Follow That Lyric: My Chemical Romance
2,909
5.00
Music
Aug 14, 2013
Follow that line: Killing Eve
2,066
4.50
Television
Jun 26, 2019
Good Riddance (Time of Your Life) Clicky-Oke
1,934
4.70
Music
Aug 13, 2013
Follow That Lyric: Green Day
736
5.00
Music
Aug 15, 2013
Go to Creator's Profile
Score Distribution
Quiz Creator Spotlight
killjoy72x
Follow
Send a Message
Quizzes Created
-
Created Quiz Play Count
-
More By This Creator
Popular Quizzes Today
1
Find the US States - No Outlines Minefield
2
Find the Countries of Europe - No Outlines Minefield
3
The Countries of the World
4
Find the US States
5
Risky Map Clicking: Biggest States A-Z
6
US States
7
Popular People in 1961
8
Movies - When Are They Set?
More Music Quizzes
Songs with over 100 Million Spotify Streams #7 (Clip)
Quiz Lab
Trending Quizzes
Risky Map Clicking: Least Populous States A-Z
Billboard Blitz: Aretha Franklin
Famous Russians: Author or Composer?
1-10 Letter G Words
Countries of the World: 200 Million BC
Recently Updated
Leaping Animals
pecheneg
Reality TV Shows (A-Z)
bhenderson79
Rickey Henderson's Hall of Fame Teammates
pecheneg
Champions League XIs: Arsenal
pecheneg
Quick Pick: Celebrities in WWE's Hall of Fame
aduchscher
A-Z Keypad Blitz II
pecheneg
Multiple Oscar Actors
pecheneg
Mystery Phrase Blitz: Oscar 'Best Actors'
pecheneg
F. Scott Fitzgerald Novels
LTH
Pick 3 Villains
ddd62291
Trending Topics
Kpop
NBA
Disney
Marvel
Crossword
Harry Potter
Anime
Puzzle
Pokémon
Country
WWE
The Office
NFL
Song
Soccer
Your Account Isn't Verified!
In order to create a playlist on Sporcle, you need to verify the email address you used during registration. Go to your
Sporcle Settings
to finish the process.
Report this User
Report this user for behavior that violates our
Community Guidelines
.
Details:
Send Report
Go to the Sporcle.com Mobile Site →
Comments